00732nai a2200181Ia 4500003000900000008004100009022002300050040001600073245004800089260002600137310001500163362002700178521006900205856009000274942000700364999001700371952016200388IN-BaIIA211028c9999 xx s 000 0 eng d a0079-6727 (Online) cIIA Library 0aProgress in Quantum Electronicsh[eJournal] aOxford, U.KbPergamon aBi-monthly a19(1); 1995 - Present  bSubscribed through National Knowledge Resource Consortium (NKRC) uhttps://www.sciencedirect.com/science/journal/00796727yClick Here to Access eJournal cEJ c35605d35605 00104070aBANbBANd2009-01-01eNKRCh19(1); 1995 - Present l0pEJ1689r2021-11-05uhttps://www.sciencedirect.com/science/journal/00796727w2021-11-05yEJ